000 01481nam a2200337 a 4500
003 CO-PeBPR
005 20260426105038.0
008 260415e2024 ck a|||| n||| 00| 0 spa c
020 _a9789583069406
040 0 _aCO-PeBPR
_bspa
_cCO-PeBPR
_erda
082 0 4 _a(i) Co863 G886a
100 1 _aGrueso Romero, Mary
_eautora
245 _aAgüela, se fue la nuna
_c/ Mary Grueso Romero ; ilustraciones de Carolina Garzón Blanco
250 _aEdición especial
264 1 _aBogotá, Colombia
_b: Panamericana
_c, 2024
300 _a29 páginas
_b: ilustraciones, dibujos a color
_c; 22 centímetros
336 _atexto
_btxt
_crdacontenido
337 _asin mediación
_bn
_2rdamedio
338 _avolumen
_bnc
_2rdasoporte
490 _aPlan Nacional de Lectura, Escritura y Oralidad / Ministerio de las Culturas, las Artes y los Saberes.
520 _aEn San Andrés de Tumaco vive una abuelita con su nieto. Un día el niño ve algo en el agua. ¡Es la nuna! ¿o la luna? ¿Y por qué se rompe y se esconde? Una hermosa historia llena de amor, juego y poesía...tomado de la contracubierta del libro.
521 _aRecomendado para jóvenes y adultos.
650 1 4 _2LEMB
_aCuentos colombianos
650 1 4 _2LEMB
_aLuna
650 1 4 _2LEMB
_aLiteratura colombiana
650 1 4 _2LEMB
_aCanciones de cuna en la literatura
650 1 4 _2LEMB
_aAfrocolombianos en la literatura
650 1 4 _2LEMB
_aJuegos
700 1 _aGarzón Blanco, Carolina
_eilustradora
942 _2ddc
_cBKINF
999 _c17796
_d17796